Reliez les princesses Disney à leur prince - Statistiques

Statistiques générales
  • Ce quiz a été pris 735 fois
  • Le résultat moyen est 10 sur 12
Statistiques - réponses
Hint Extra Hint Réponse % Correct
Qui est son prince ?
93%
Qui est son prince ?
92%
Qui est son prince ?
91%
Raiponce
91%
Qui est son prince ?
90%
Qui est son prince ?
86%
Qui est son prince ?
85%
Qui est son prince ?
83%
Qui est son prince ?
79%
Qui est son prince ?
70%
Qui est son prince ?
70%
Qui est son prince ?
69%
Aucun quiz correspondant
Distribution des résultats
% des personnes avec chaque résultat
Percentile par nombre de réponses
Votre historique - résultats
Vous n’avez pas pris ce quiz